Minecraft Mobs Ending With Each Letter - Statistics

General Stats
  • This quiz has been taken 18 times
    10 since last reset
  • The average score is 13 of 18
Answer Stats
# Mob Name % Correct
T Bat | Cat | Ghast | Happy Ghast | Ocelot | Parrot
100%
E Bee | Blaze | Breeze | Endermite | Magma Cube | Mule | Piglin Brute | Skeleton Horse | Slime | Tadpole | Zombie Horse
100%
R Cave Spider | Creeper | Evoker | Pillager | Polar Bear | Ravager | Shulker | Sniffer | Spider | Strider | Villager | Vindicator | Wandering Trader | Wandering Trader | Wither | Zombie Villager
100%
N Chicken | Dolphin | Elder Guardian | Ender Dragon | Enderman | Guardian | Hoglin | Piglin | Salmon | Skeleton | Warden | Wither Skeleton | Zoglin | Zombified Piglin
86%
W Cow | Mooshroom Cow
86%
H Pufferfish | SIlverfish | Tropical Fish | Witch
86%
P Sheep
86%
Y Allay | Donkey | Stray
71%
L Axolotl | Camel
71%
D Bogged | Cod | Drowned | Glow Squid | Parched | Squid
71%
K Camel Husk | Husk
71%
M Copper Golem | Iron Golem | Snow Golem
71%
G Creaking | Frog | Pig
71%
A Llama | Panda | Trader Llama
71%
F Wolf
71%
X Fox | Vex
57%
S Nautilus | Zombie Nautilus
43%
O Armadillo
29%
No matching quizzes found
Score Distribution
Percent of People with Each Score
Percentile by Number Answered
Your Score History
You have not taken this quiz since the last reset